000 00466nam a2200181Ia 4500
001 4494
005 20260306145800.0
008 260306t2016||||xx |||||||||||||| ||spa||
041 _aESP
082 _a323.353
_bJ27
100 _aJave, Iris
_eAUT
245 0 _aJóvenes y partidos políticos, dinámicas de la militancia en el APRA y el PPC
260 _c2016
300 _a119 páginas :
_c20 cm.
650 _aGEN
654 _aCHU
942 _cLIB
_dJUS
_fJUS
_2ddc
_n
999 _c4494
_d4494